[Event "World Youth U-16 Olympiad 2018"]
[Site "Konya"]
[Date "2018.11.28"]
[Round "5"]
[White "Ozturk, Efe Hakan"]
[Black "Iskakbaev, Ibraim"]
[Result "1-0"]
[WhiteElo "2083"]
[BlackElo "1522"]
[Annotator "NA"]
[PlyCount "93"]
[EventDate "2018.11.25"]
[EventType "team-tourn"]
[EventCountry "TUR"]
[SourceTitle "playchess.com"]
[Source "ChessBase"]
[SourceQuality "1"]
[WhiteTeam "Turkey"]
[BlackTeam "Kazakhstan"]
[WhiteTeamCountry "TUR"]
[BlackTeamCountry "KAZ"]

1. Nf3 Nf6 2. g3 g6 3. Bg2 Bg7 4. O-O d5 5. d4 O-O 6. c4 c6 7. cxd5 cxd5 8. Nc3 Nc6 9. Ne5 Ne8 10. Bxd5 Nxe5 11. dxe5 e6 12. Bg2 Qxd1 13. Rxd1 Bxe5 14. Be3 Ng7 15. Bc5 Re8 16. f4 Bxc3 17. bxc3 e5 18. fxe5 Rxe5 19. Rd8+ Re8 20. Rad1 Bg4 21. Rxa8 Rxa8 22. Bxb7 Rb8 23. Bf3 Bxf3 24. exf3 Ne6 25. Bxa7 Rb2 26. Be3 Rxa2 27. Rd2 Ra3 28. Rc2 f6 29. Kf2 Kf7 30. c4 Ra6 31. Ke2 Ke7 32. Rb2 Nd8 33. c5 Rc6 34. Kd3 Ke6 35. Kc4 Rc8 36. Bf4 h5 37. Re2+ Kd7 38. Rd2+ Ke6 39. Rd6+ Ke7 40. Rb6 Rc6 41. Kd5 Rxb6 42. cxb6 Kd7 43. h4 Kc8 44. Bc7 g5 45. Bxd8 Kxd8 46. Ke6 f5 47. Kxf5 1-0

[Event "World Youth U-16 Olympiad 2018"]
[Site "Konya"]
[Date "2018.11.28"]
[Round "5"]
[White "Aubert, Estee"]
[Black "Berdnyk, Mariia"]
[Result "0-1"]
[WhiteElo "2062"]
[BlackElo "2254"]
[Annotator "NA RC"]
[PlyCount "102"]
[EventDate "2018.11.25"]
[EventType "team-tourn"]
[EventCountry "TUR"]
[SourceTitle "playchess.com"]
[Source "ChessBase"]
[SourceQuality "1"]
[WhiteTeam "France"]
[BlackTeam "Ukraine"]
[WhiteTeamCountry "FRA"]
[BlackTeamCountry "UKR"]

1. d4 Nf6 2. Nf3 e6 3. Bf4 c5 4. e3 Nc6 5. c3 b6 6. Bd3 Be7 7. h3 Bb7 8. Nbd2 d6 9. O-O O-O 10. Qe2 cxd4 11. exd4 Re8 12. a4 Bf8 13. Ne4 Nxe4 14. Qxe4 g6 15. Bg5 Qc7 16. Qh4 Ne7 17. Bxe7 Qxe7 18. Qg3 Bg7 19. Rfe1 a6 20. Nd2 Qc7 21. Nc4 e5 22. dxe5 dxe5 23. Qe3 Re6 24. Be4 Rc8 25. Nd2 f5 26. Bxb7 Qxb7 27. Qe2 e4 28. Rad1 Rce8 29. Qc4 b5 30. axb5 axb5 31. Qb3 Qb6 32. Nf1 Kh8 33. Rd5 Re5 34. Ne3 Qc6 35. Red1 f4 36. Rd6 Qc8 37. Ng4 Rf5 38. R1d5 h5 39. Rxg6 hxg4 40. Rxg4 Qe6 41. c4 bxc4 42. Qb7 Rf7 43. Qb5 e3 44. fxe3 fxe3 45. Rh5+ Kg8 46. Rh6 e2 47. Rxe6 Rxe6 48. Qb8+ Kh7 49. Rh4+ Bh6 50. Rxh6+ Rxh6 51. Qe5 Rf1+ 0-1

[Event "World Youth U-16 Olympiad 2018"]
[Site "Konya"]
[Date "2018.11.28"]
[Round "5"]
[White "Golubovskis, Maksims"]
[Black "Boubendir, Nesrine"]
[Result "1-0"]
[WhiteElo "2049"]
[BlackElo "1467"]
[Annotator "NA"]
[PlyCount "61"]
[EventDate "2018.11.25"]
[EventType "team-tourn"]
[EventCountry "TUR"]
[SourceTitle "playchess.com"]
[Source "ChessBase"]
[SourceQuality "1"]
[WhiteTeam "Latvia"]
[BlackTeam "Algeria"]
[WhiteTeamCountry "LAT"]
[BlackTeamCountry "ALG"]

1. e4 c5 2. Nf3 e6 3. d4 cxd4 4. Nxd4 a6 5. c4 Nf6 6. Nc3 Bb4 7. Qd3 Bxc3+ 8. bxc3 d6 9. Nb3 O-O 10. Ba3 Re8 11. Bxd6 e5 12. Be2 Nc6 13. c5 Be6 14. O-O Qd7 15. Rad1 Rad8 16. h3 Qc8 17. Qe3 Nd7 18. Kh2 Ne7 19. Bxe7 Rxe7 20. Rd6 Ree8 21. Rfd1 Nf6 22. Na5 Bxa2 23. Nxb7 Rd7 24. Rxd7 Nxd7 25. Nd6 Qb8 26. Nxe8 Qxe8 27. c6 Nf8 28. Qb6 Be6 29. Qc7 Qc8 30. Qxc8 Bxc8 31. Rd8 1-0

[Event "World Youth U-16 Olympiad 2018"]
[Site "Konya"]
[Date "2018.11.28"]
[Round "5"]
[White "Coman, Mihnea-George"]
[Black "Stefansson, Vignir Vatnar"]
[Result "1/2-1/2"]
[WhiteElo "2042"]
[BlackElo "2283"]
[Annotator "RC"]
[PlyCount "92"]
[EventDate "2018.11.25"]
[EventType "team-tourn"]
[EventCountry "TUR"]
[SourceTitle "playchess.com"]
[Source "ChessBase"]
[SourceQuality "1"]
[WhiteTeam "Romania"]
[BlackTeam "Iceland"]
[WhiteTeamCountry "ROU"]
[BlackTeamCountry "ISL"]

1. e4 e6 2. d4 d5 3. Nd2 Nc6 4. Ngf3 Nf6 5. e5 Nd7 6. Bd3 Nb4 7. Be2 c5 8. c3 Nc6 9. O-O Be7 10. Re1 O-O 11. Nf1 f6 12. exf6 Bxf6 13. Be3 cxd4 14. cxd4 e5 15. dxe5 Ndxe5 16. Nd4 Nxd4 17. Bxd4 Nc6 18. Bxf6 Qxf6 19. Bf3 d4 20. Ng3 Be6 21. Ne4 Qe7 22. Ng5 Qxg5 23. Rxe6 Rad8 24. Qb3 Kh8 25. Bxc6 bxc6 26. Rxc6 d3 27. Rd1 Qf4 28. f3 Qe3+ 29. Kh1 Rfe8 30. h3 Qf2 31. Re6 Rxe6 32. Qxe6 Qc2 33. Qb3 Qe2 34. Kh2 h5 35. a4 Kh7 36. Rc1 Rd4 37. a5 h4 38. Qb5 Qe6 39. Rc6 Qd5 40. Qxd5 Rxd5 41. Rc1 Rxa5 42. Rd1 Ra2 43. Rxd3 Rxb2 44. Ra3 Rb7 45. Ra4 g5 46. Ra6 Kg7 1/2-1/2

[Event "World Youth U-16 Olympiad 2018"]
[Site "Konya"]
[Date "2018.11.28"]
[Round "5"]
[White "Gombocz, Zsofia"]
[Black "Jacobsen, Shanne Hedegaard"]
[Result "1-0"]
[WhiteElo "2041"]
[BlackElo "1261"]
[Annotator "NA"]
[PlyCount "35"]
[EventDate "2018.11.25"]
[EventType "team-tourn"]
[EventCountry "TUR"]
[SourceTitle "playchess.com"]
[Source "ChessBase"]
[SourceQuality "1"]
[WhiteTeam "Hungary"]
[BlackTeam "Denmark"]
[WhiteTeamCountry "HUN"]
[BlackTeamCountry "DEN"]

1. e4 e5 2. Nf3 Nc6 3. Bb5 a6 4. Ba4 Nf6 5. d4 exd4 6. O-O Be7 7. Re1 O-O 8. e5 Nd5 9. Nxd4 Nxd4 10. Qxd4 c6 11. c4 Qa5 12. Qd1 Bb4 13. Re4 Ne7 14. a3 Bc5 15. b4 Bxb4 16. axb4 Qxb4 17. Ba3 Qb6 18. Bxe7 1-0

[Event "World Youth U-16 Olympiad 2018"]
[Site "Konya"]
[Date "2018.11.28"]
[Round "5"]
[White "De Silva, Tenara"]
[Black "Malicka, Maria"]
[Result "0-1"]
[WhiteElo "2023"]
[BlackElo "2013"]
[Annotator "NA"]
[PlyCount "69"]
[EventDate "2018.11.25"]
[EventType "team-tourn"]
[EventCountry "TUR"]
[SourceTitle "playchess.com"]
[Source "ChessBase"]
[SourceQuality "1"]
[WhiteTeam "Sri Lanka"]
[BlackTeam "Poland"]
[WhiteTeamCountry "SRI"]
[BlackTeamCountry "POL"]

1. e4 e5 2. Nf3 Nc6 3. d4 exd4 4. Nxd4 Nf6 5. Nxc6 bxc6 6. e5 Qe7 7. Qe2 Nd5 8. c4 Nb6 9. Nc3 Qe6 10. Qe4 g6 11. Bd2 Bg7 12. f4 O-O 13. c5 Nd5 14. Bc4 Bb7 15. O-O-O Qe7 16. Qd4 d6 17. Rhe1 dxe5 18. fxe5 Rfe8 19. Bxd5 cxd5 20. Nxd5 Bxd5 21. Qxd5 Rad8 22. Qc4 Bxe5 23. Kb1 Qf6 24. Rf1 Qg7 25. Bc1 Rxd1 26. Rxd1 Bxh2 27. Qb5 Qe5 28. Bh6 Qe4+ 29. Ka1 c6 30. Qa5 Qe2 31. Qd8 Bf4 32. Qxe8+ Qxe8 33. Bxf4 Qe2 34. Rc1 Qxg2 35. a3 0-1

[Event "World Youth U-16 Olympiad 2018"]
[Site "Konya"]
[Date "2018.11.28"]
[Round "5"]
[White "Hercog, Nusa"]
[Black "Tempany, Max"]
[Result "1-0"]
[WhiteElo "2017"]
[BlackElo "1508"]
[Annotator "NA"]
[PlyCount "135"]
[EventDate "2018.11.25"]
[EventType "team-tourn"]
[EventCountry "TUR"]
[SourceTitle "playchess.com"]
[Source "ChessBase"]
[SourceQuality "1"]
[WhiteTeam "Slovenia"]
[BlackTeam "Ireland"]
[WhiteTeamCountry "SLO"]
[BlackTeamCountry "IRL"]

1. d4 Nf6 2. c4 g6 3. f3 d5 4. cxd5 Nxd5 5. e4 Nb6 6. Nc3 Bg7 7. Be3 O-O 8. Qd2 Nc6 9. O-O-O Qd6 10. Nb5 Qd7 11. Kb1 Rd8 12. d5 a6 13. Nc3 Na5 14. Qc1 Nac4 15. Bxc4 Nxc4 16. Bh6 Bh8 17. h4 Qd6 18. Bf4 Qb6 19. Nge2 f5 20. h5 fxe4 21. hxg6 hxg6 22. Ka1 exf3 23. gxf3 Bf5 24. Ng3 Bg7 25. Nxf5 gxf5 26. Bh6 Bxh6 27. Rxh6 Qe3 28. Rg1+ Kf7 29. Rh7+ Ke8 30. Qd1 Qd2 31. Qxd2 Nxd2 32. Re1 Kf8 33. Rexe7 Re8 34. Ref7+ Kg8 35. a3 Rac8 36. Rhg7+ Kh8 37. Rxc7 Rxc7 38. Rxc7 Nxf3 39. Rxb7 Nd4 40. Ka2 f4 41. Rb4 Ne2 42. Nxe2 Rxe2 43. Rxf4 Rd2 44. Rf8+ Kg7 45. Ra8 Rxd5 46. Rxa6 Rd2 47. Re6 Kf7 48. Re3 Rc2 49. a4 Rd2 50. Ka3 Rc2 51. a5 Rc1 52. b4 Ra1+ 53. Kb3 Rb1+ 54. Ka4 Ra1+ 55. Kb5 Ra2 56. a6 Ra1 57. Kb6 Rd1 58. a7 Rd6+ 59. Kc7 Ra6 60. Kb7 Ra4 61. a8=Q Rxb4+ 62. Kc6 Rc4+ 63. Kd5 Rf4 64. Qe8+ Kf6 65. Qe6+ Kg5 66. Rg3+ Rg4 67. Qxg4+ Kh6 68. Rh3# 1-0

[Event "World Youth U-16 Olympiad 2018"]
[Site "Konya"]
[Date "2018.11.28"]
[Round "5"]
[White "Gokcek, Kursat Bugra"]
[Black "Igisinova, Liya"]
[Result "1-0"]
[WhiteElo "2010"]
[BlackElo "1482"]
[Annotator "NA"]
[PlyCount "69"]
[EventDate "2018.11.25"]
[EventType "team-tourn"]
[EventCountry "TUR"]
[SourceTitle "playchess.com"]
[Source "ChessBase"]
[SourceQuality "1"]
[WhiteTeam "Turkey"]
[BlackTeam "Kazakhstan"]
[WhiteTeamCountry "TUR"]
[BlackTeamCountry "KAZ"]

1. d4 d5 2. Bf4 Nf6 3. e3 c5 4. c3 Qb6 5. Qb3 c4 6. Qc2 Nc6 7. Nd2 g6 8. f3 Nh5 9. Bg5 Bg7 10. Ne2 e5 11. g4 Nf6 12. Bg2 O-O 13. O-O Bd7 14. h3 Qc7 15. f4 e4 16. f5 b5 17. Bf4 Qb7 18. g5 Nh5 19. f6 Bh8 20. Bh2 Qc8 21. Nf4 Nxf4 22. Rxf4 Bxh3 23. Rh4 Bxg2 24. Kxg2 Qf5 25. Bf4 Nd8 26. Nf1 Ne6 27. Ng3 Nxf4+ 28. exf4 Qe6 29. Rah1 h5 30. Qe2 Bxf6 31. gxf6 Qxf6 32. Qe3 Rab8 33. f5 Qg7 34. Nxh5 gxh5+ 35. Kf1 1-0

[Event "World Youth U-16 Olympiad 2018"]
[Site "Konya"]
[Date "2018.11.28"]
[Round "5"]
[White "Brahami, Lamine"]
[Black "Pheephacharakan, Pinatpong"]
[Result "1-0"]
[WhiteElo "1996"]
[BlackElo "1860"]
[Annotator "NA"]
[PlyCount "93"]
[EventDate "2018.11.25"]
[EventType "team-tourn"]
[EventCountry "TUR"]
[SourceTitle "playchess.com"]
[Source "ChessBase"]
[SourceQuality "1"]
[WhiteTeam "Algeria"]
[BlackTeam "Thailand"]
[WhiteTeamCountry "ALG"]
[BlackTeamCountry "THA"]

1. d4 Nf6 2. c4 e6 3. Nf3 b6 4. g3 Bb7 5. Bg2 Be7 6. O-O O-O 7. Nc3 Ne4 8. Qc2 Nxc3 9. Qxc3 f5 10. Rd1 d6 11. a3 Nd7 12. b4 a5 13. Bb2 Bf6 14. Ng5 Bxg5 15. Bxb7 Rb8 16. Bf3 axb4 17. axb4 Nf6 18. Qc2 b5 19. Ra7 Rf7 20. cxb5 d5 21. h4 Bh6 22. Qc6 Qd7 23. Rb7 Rxb7 24. Qxb7 Ne8 25. e3 Nd6 26. Qc6 Nxb5 27. Rc1 g6 28. Be2 Nd6 29. Qa8+ Bf8 30. Rc6 Kg7 31. Qa6 Kf6 32. Kg2 Rg7 33. b5 Nc8 34. Bc3 Bd6 35. Ba5 Re7 36. Qb7 Kf7 37. Bd1 e5 38. Bb3 exd4 39. Bxd5+ Kg7 40. exd4 Bxg3 41. Kxg3 f4+ 42. Kh2 Qg4 43. Rxc7 Qxh4+ 44. Kg1 Qg4+ 45. Bg2 Qd1+ 46. Kh2 Qh5+ 47. Bh3 1-0

[Event "World Youth U-16 Olympiad 2018"]
[Site "Konya"]
[Date "2018.11.28"]
[Round "5"]
[White "Celik, Eylul"]
[Black "Baenziger, Fabian"]
[Result "0-1"]
[WhiteElo "1950"]
[BlackElo "2355"]
[Annotator "TA"]
[PlyCount "80"]
[EventDate "2018.11.25"]
[EventType "team-tourn"]
[EventCountry "TUR"]
[SourceTitle "playchess.com"]
[Source "ChessBase"]
[SourceQuality "1"]
[WhiteTeam "Turkey"]
[BlackTeam "Switzerland"]
[WhiteTeamCountry "TUR"]
[BlackTeamCountry "SUI"]

1. d4 Nf6 2. c4 e6 3. Bg5 h6 4. Bxf6 Qxf6 5. e3 g6 6. Nf3 Bg7 7. Nc3 O-O 8. Be2 d6 9. O-O Nd7 10. e4 e5 11. d5 a5 12. a3 Qe7 13. Nd2 f5 14. b4 Nf6 15. Qb3 f4 16. c5 g5 17. cxd6 cxd6 18. Nc4 g4 19. Nb6 Rb8 20. Nxc8 Rbxc8 21. f3 Qc7 22. Na4 h5 23. Qb2 h4 24. Rac1 Qf7 25. Rxc8 Rxc8 26. Rc1 Rf8 27. Qc2 Qg6 28. Nc3 h3 29. fxg4 Nxg4 30. Bxg4 Qxg4 31. Qf2 axb4 32. axb4 Bh6 33. Rc2 Ra8 34. Qf3 Qxf3 35. gxf3 Ra1+ 36. Kf2 Rh1 37. Ne2 Bg5 38. Rc8+ Kg7 39. Ng1 Bh4+ 40. Kf1 Bg3 0-1

[Event "World Youth U-16 Olympiad 2018"]
[Site "Konya"]
[Date "2018.11.28"]
[Round "5"]
[White "Eng, Jia Qian"]
[Black "Santos, Jose Guilherme B Li"]
[Result "1-0"]
[WhiteElo "1942"]
[BlackElo "2113"]
[Annotator "TA"]
[PlyCount "121"]
[EventDate "2018.11.25"]
[EventType "team-tourn"]
[EventCountry "TUR"]
[SourceTitle "playchess.com"]
[Source "ChessBase"]
[SourceQuality "1"]
[WhiteTeam "Malaysia"]
[BlackTeam "Portugal"]
[WhiteTeamCountry "MAS"]
[BlackTeamCountry "POR"]

1. d4 Nf6 2. c4 g6 3. Nf3 Bg7 4. g3 d6 5. Bg2 c5 6. d5 b5 7. cxb5 a6 8. bxa6 O-O 9. O-O Bf5 10. Nc3 Nxa6 11. Nd2 Nb4 12. e4 Bg4 13. Bf3 Bh3 14. Bg2 Bxg2 15. Kxg2 Nd3 16. Qe2 Nxc1 17. Rfxc1 Nd7 18. a4 Qa5 19. Nc4 Qb4 20. a5 Rfb8 21. Ra4 Qb7 22. Rca1 Qa6 23. Qg4 Ne5 24. Nxe5 Bxe5 25. R1a2 Ra7 26. Qd1 Rab7 27. Qf1 Qa7 28. a6 Rb3 29. Qc4 R8b4 30. Rxb4 Rxb4 31. Qxb4 cxb4 32. Nb5 b3 33. Ra4 Qb6 34. a7 Qxb5 35. a8=Q+ Kg7 36. Qa6 Qd7 37. Qc4 Bxb2 38. Qxb3 Be5 39. Ra8 Qg4 40. Qc4 f5 41. h3 Qg5 42. exf5 Qxf5 43. Ra3 Bf6 44. Rf3 Qe5 45. Re3 Qh5 46. Qe4 Qd1 47. Rf3 Qd2 48. h4 Qb2 49. Qe6 Qd4 50. Rf4 Qe5 51. Qxe5 Bxe5 52. Ra4 Kf6 53. Kf3 h6 54. Ke4 g5 55. h5 g4 56. Ra8 Kg5 57. Rg8+ Kxh5 58. Kf5 Ba1 59. Rxg4 Bf6 60. Rb4 Bg5 61. Rb1 1-0

[Event "World Youth U-16 Olympiad 2018"]
[Site "Konya"]
[Date "2018.11.28"]
[Round "5"]
[White "Verbin, Valentina"]
[Black "Yaniv, Yuval"]
[Result "0-1"]
[WhiteElo "1936"]
[BlackElo "2209"]
[Annotator "NA RC"]
[PlyCount "58"]
[EventDate "2018.11.25"]
[EventType "team-tourn"]
[EventCountry "TUR"]
[SourceTitle "playchess.com"]
[Source "ChessBase"]
[SourceQuality "1"]
[WhiteTeam "Moldova"]
[BlackTeam "Israel"]
[WhiteTeamCountry "MDA"]
[BlackTeamCountry "ISR"]

1. e4 c5 2. Nf3 Nc6 3. Bb5 d6 4. O-O Bd7 5. c3 a6 6. Ba4 Nf6 7. Re1 b5 8. Bc2 Rc8 9. a4 Qc7 10. Na3 Ne5 11. Nxe5 dxe5 12. b3 Qb6 13. h3 g5 14. d4 cxd4 15. cxd4 exd4 16. e5 Nd5 17. Bxg5 Rg8 18. Qh5 h6 19. Bd2 d3 20. Bxd3 Rc3 21. Qf3 Rxb3 22. Qxd5 Bc6 23. Ba5 Bxd5 24. Bxb6 Rxd3 25. axb5 Rxh3 26. Red1 e6 27. bxa6 Rxg2+ 28. Kf1 Bf3 29. Ke1 Bb4+ 0-1

[Event "World Youth U-16 Olympiad 2018"]
[Site "Konya"]
[Date "2018.11.28"]
[Round "5"]
[White "Sade, Defne"]
[Black "Tezayak, Matthias"]
[Result "0-1"]
[WhiteElo "1888"]
[BlackElo "1887"]
[Annotator "NA"]
[PlyCount "58"]
[EventDate "2018.11.25"]
[EventType "team-tourn"]
[EventCountry "TUR"]
[SourceTitle "playchess.com"]
[Source "ChessBase"]
[SourceQuality "1"]
[WhiteTeam "Turkey"]
[BlackTeam "Switzerland"]
[WhiteTeamCountry "TUR"]
[BlackTeamCountry "SUI"]

1. e4 e6 2. d4 d5 3. Nd2 h6 4. c3 c5 5. e5 Nc6 6. Ndf3 cxd4 7. cxd4 Bb4+ 8. Bd2 Qb6 9. Rc1 Bd7 10. Ne2 Nge7 11. Bc3 O-O 12. Qd2 a5 13. h4 f6 14. exf6 Rxf6 15. Nf4 Nf5 16. Nh5 Rf7 17. Rd1 Nd6 18. Bd3 Ne4 19. Bxe4 dxe4 20. Nh2 e5 21. d5 Nd4 22. O-O Bc5 23. Ng3 Rf4 24. Nh5 Rxh4 25. Ng3 Qg6 26. Rfe1 Rf8 27. Rf1 Qxg3 28. fxg3 Ne2+ 29. Kh1 Nxg3# 0-1

[Event "World Youth U-16 Olympiad 2018"]
[Site "Konya"]
[Date "2018.11.28"]
[Round "5"]
[White "Pecorini, Angie"]
[Black "Anacoglu, Cisel"]
[Result "0-1"]
[WhiteElo "1861"]
[BlackElo "1866"]
[Annotator "NA"]
[PlyCount "92"]
[EventDate "2018.11.25"]
[EventType "team-tourn"]
[EventCountry "TUR"]
[SourceTitle "playchess.com"]
[Source "ChessBase"]
[SourceQuality "1"]
[WhiteTeam "Switzerland"]
[BlackTeam "Turkey"]
[WhiteTeamCountry "SUI"]
[BlackTeamCountry "TUR"]

1. d4 Nf6 2. c4 g6 3. Nc3 Bg7 4. e4 d6 5. Nf3 O-O 6. Be2 e5 7. O-O Nc6 8. d5 Ne7 9. Nd2 Ne8 10. b4 f5 11. c5 fxe4 12. Ndxe4 a5 13. b5 dxc5 14. Nxc5 Nd6 15. Bg4 Nef5 16. Rb1 b6 17. Ne6 Bxe6 18. dxe6 Nd4 19. f4 N6f5 20. Ba3 Re8 21. Bxf5 Nxf5 22. Qd7 Qxd7 23. exd7 Red8 24. Rfd1 Nd4 25. fxe5 Bxe5 26. Re1 Bg7 27. Re7 Nf5 28. Rxg7+ Kxg7 29. Rd1 Kf7 30. Ne4 h6 31. g4 Ne3 32. Rd3 Nxg4 33. Rg3 Ne5 34. Bc1 Rxd7 35. Bxh6 Rd3 36. Ng5+ Kg8 37. Ne6 Rxg3+ 38. hxg3 c6 39. Bf4 Re8 40. Nc7 Re7 41. Na8 cxb5 42. Nxb6 Nd3 43. Bd2 b4 44. Kf1 Re6 45. Na4 Kf7 46. Bg5 Re1+ 0-1

[Event "World Youth U-16 Olympiad 2018"]
[Site "Konya"]
[Date "2018.11.28"]
[Round "5"]
[White "Pipiras, Filipa Fortuna"]
[Black "Chua, Jia-Tien"]
[Result "0-1"]
[WhiteElo "1860"]
[BlackElo "1741"]
[Annotator "NA"]
[PlyCount "130"]
[EventDate "2018.11.25"]
[EventType "team-tourn"]
[EventCountry "TUR"]
[SourceTitle "playchess.com"]
[Source "ChessBase"]
[SourceQuality "1"]
[WhiteTeam "Portugal"]
[BlackTeam "Malaysia"]
[WhiteTeamCountry "POR"]
[BlackTeamCountry "MAS"]

1. d4 d5 2. c4 c6 3. cxd5 cxd5 4. Nf3 Nc6 5. Nc3 Nf6 6. Bf4 Bf5 7. e3 a6 8. Rc1 e6 9. Qb3 Ra7 10. Be2 Be7 11. O-O Nh5 12. Ne5 Nxf4 13. exf4 Nxd4 14. Qa4+ Nc6 15. Nxc6 bxc6 16. Qxc6+ Qd7 17. Qb6 O-O 18. Bxa6 Rfa8 19. Bb5 Qd6 20. Bc6 Ra6 21. Nb5 Rxb6 22. Nxd6 Rd8 23. Nxf5 exf5 24. b3 Ba3 25. Ba4 Bxc1 26. Rxc1 d4 27. g3 Kf8 28. Kf1 d3 29. a3 d2 30. Rd1 Ke7 31. b4 Ra6 32. Bc2 Rxa3 33. Bxf5 Kf6 34. Be4 Rb3 35. Ke2 Rxb4 36. Bd3 Rbd4 37. Rxd2 g6 38. Rd1 h6 39. Bc2 Rxd1 40. Bxd1 g5 41. fxg5+ hxg5 42. Bc2 Rh8 43. Kf3 Rxh2 44. g4 Ke5 45. Kg3 Rh8 46. f3 Rc8 47. Bf5 Rc3 48. Be4 Ra3 49. Bf5 Kd4 50. Be4 Ke3 51. Bd5 f6 52. Kg2 Kf4 53. Kf2 Rd3 54. Be4 Rd2+ 55. Kg1 Kg3 56. Kf1 Rf2+ 57. Kg1 Rxf3 58. Bxf3 Kxf3 59. Kh2 Kxg4 60. Kg2 f5 61. Kf2 Kh3 62. Kg1 g4 63. Kh1 g3 64. Kg1 g2 65. Kf2 Kh2 0-1

[Event "World Youth U-16 Olympiad 2018"]
[Site "Konya"]
[Date "2018.11.28"]
[Round "5"]
[White "Heidarsson, Arnar"]
[Black "Chicarosie, Ioana-Bianca"]
[Result "1/2-1/2"]
[WhiteElo "1850"]
[BlackElo "1508"]
[Annotator "NA"]
[PlyCount "107"]
[EventDate "2018.11.25"]
[EventType "team-tourn"]
[EventCountry "TUR"]
[SourceTitle "playchess.com"]
[Source "ChessBase"]
[SourceQuality "1"]
[WhiteTeam "Iceland"]
[BlackTeam "Romania"]
[WhiteTeamCountry "ISL"]
[BlackTeamCountry "ROU"]

1. d4 Nf6 2. c4 e6 3. Nf3 b6 4. Nc3 Bb7 5. Bg5 Be7 6. e3 d5 7. Bd3 O-O 8. O-O h6 9. Bh4 Ne4 10. Bxe7 Qxe7 11. Ne5 Nd7 12. Nxd7 Qxd7 13. cxd5 Nxc3 14. bxc3 exd5 15. f4 Qe7 16. Rf3 Bc8 17. Rg3 Qh4 18. Rc1 Bb7 19. Qc2 Qe7 20. c4 c6 21. Rf1 Rad8 22. f5 f6 23. Rf4 Kh8 24. Qf2 dxc4 25. Bxc4 c5 26. h3 Bd5 27. Bxd5 Rxd5 28. Rh4 cxd4 29. Qf4 Rf7 30. exd4 Qd6 31. Qxd6 Rxd6 32. Rd3 Rd5 33. Rf4 Rc7 34. Rd2 Kg8 35. g4 Kf7 36. Kf2 Rc3 37. Rf3 Rxf3+ 38. Kxf3 Ke7 39. Ke4 Ra5 40. Rc2 Kd7 41. h4 Kd6 42. Rg2 Ke7 43. g5 hxg5 44. hxg5 Kf7 45. gxf6 gxf6 46. Rc2 Ke7 47. Rc7+ Ke8 48. Rc2 Kd7 49. Rh2 Ke7 50. Rh7+ Ke8 51. a4 Kf8 52. Rc7 Ke8 53. Rc4 Kd7 54. Rb4 1/2-1/2

[Event "World Youth U-16 Olympiad 2018"]
[Site "Konya"]
[Date "2018.11.28"]
[Round "5"]
[White "Prasitsoonthorn, Teerachoti"]
[Black "Cheikh-Boukal, Ziyad"]
[Result "1/2-1/2"]
[WhiteElo "1849"]
[BlackElo "1830"]
[Annotator "NA"]
[PlyCount "94"]
[EventDate "2018.11.25"]
[EventType "team-tourn"]
[EventCountry "TUR"]
[SourceTitle "playchess.com"]
[Source "ChessBase"]
[SourceQuality "1"]
[WhiteTeam "Thailand"]
[BlackTeam "Algeria"]
[WhiteTeamCountry "THA"]
[BlackTeamCountry "ALG"]

1. d4 d5 2. Nc3 Nf6 3. Bf4 c5 4. e3 cxd4 5. exd4 a6 6. Bd3 Nc6 7. Nge2 Bg4 8. f3 Bh5 9. g4 Bg6 10. h4 e6 11. h5 Bxd3 12. Qxd3 Bd6 13. h6 g6 14. O-O-O Bxf4+ 15. Nxf4 Qd6 16. Qe3 O-O-O 17. Nd3 Nd7 18. Rhe1 Nb6 19. Ne5 Nxe5 20. dxe5 Qc7 21. f4 Kb8 22. Ne2 Nc4 23. Qc3 Rc8 24. Nd4 Qe7 25. Qg3 Na5 26. Kb1 Qb4 27. c3 Qb6 28. Re2 Rc4 29. Ka1 Nc6 30. Qf2 Rc8 31. Nxc6+ Qxc6 32. Rd4 Qb5 33. Red2 Rxd4 34. Rxd4 Rc4 35. Rxc4 Qxc4 36. Kb1 Qe4+ 37. Kc1 Qh1+ 38. Kc2 Qxh6 39. Qc5 Qg7 40. Qd6+ Ka8 41. Qd8+ Ka7 42. Qc8 h5 43. Qc5+ Kb8 44. Qd6+ Ka8 45. Qd8+ Ka7 46. Qg5 Qh7 47. Kb3 Ka8 1/2-1/2

[Event "World Youth U-16 Olympiad 2018"]
[Site "Konya"]
[Date "2018.11.28"]
[Round "5"]
[White "Cui, Cynthia"]
[Black "Jakab, Bela"]
[Result "0-1"]
[WhiteElo "1848"]
[BlackElo "2290"]
[Annotator "NA RC"]
[PlyCount "104"]
[EventDate "2018.11.25"]
[EventType "team-tourn"]
[EventCountry "TUR"]
[SourceTitle "playchess.com"]
[Source "ChessBase"]
[SourceQuality "1"]
[WhiteTeam "Canada"]
[BlackTeam "Slovakia"]
[WhiteTeamCountry "CAN"]
[BlackTeamCountry "SVK"]

1. c4 c6 2. d4 d5 3. cxd5 cxd5 4. Bf4 Nc6 5. e3 Nf6 6. Nc3 a6 7. Bd3 e6 8. Nf3 Bd6 9. Bxd6 Qxd6 10. O-O O-O 11. Rc1 Bd7 12. Na4 Nb4 13. Bb1 Bxa4 14. Qxa4 b5 15. Qd1 Nc6 16. Nd2 Na5 17. h3 Rac8 18. Qe2 Rc7 19. Bd3 Nc4 20. Nb3 Rfc8 21. Nc5 Nd7 22. Nxd7 Qxd7 23. b3 Nd6 24. Qd2 g6 25. Rxc7 Qxc7 26. Qb4 a5 27. Qd2 b4 28. Qe2 Qb6 29. Ra1 Rc3 30. Qd2 Qc6 31. h4 Ne4 32. Bxe4 dxe4 33. Qd1 h5 34. g3 Rc2 35. Qf1 Qc3 36. Qd1 Qb2 37. Qf1 Kg7 38. Qe1 Re2 39. Qf1 Rxf2 40. Qxf2 Qxa1+ 41. Kh2 Qb1 42. Qg2 Qd3 43. Qf2 Qd1 44. Qg2 Qg4 45. Qb2 f6 46. Qc2 g5 47. hxg5 fxg5 48. Qc7+ Kg6 49. Qd8 Qe2+ 50. Kh1 Kf5 51. Qxa5+ Kg4 52. Qe5 Kh3 0-1

[Event "World Youth U-16 Olympiad 2018"]
[Site "Konya"]
[Date "2018.11.28"]
[Round "5"]
[White "Mejia Granados, Paulina Isabel"]
[Black "Kerimkulov, Omurbek"]
[Result "0-1"]
[WhiteElo "1839"]
[BlackElo "1557"]
[Annotator "NA"]
[PlyCount "138"]
[EventDate "2018.11.25"]
[EventType "team-tourn"]
[EventCountry "TUR"]
[SourceTitle "playchess.com"]
[Source "ChessBase"]
[SourceQuality "1"]
[WhiteTeam "Mexico"]
[BlackTeam "Kyrgyzstan"]
[WhiteTeamCountry "MEX"]
[BlackTeamCountry "KGZ"]

1. d4 Nf6 2. c4 g6 3. Nc3 d5 4. Nf3 Bg7 5. g3 O-O 6. Bg2 c6 7. Ne5 Be6 8. Qb3 Qb6 9. c5 Qxb3 10. axb3 Nbd7 11. Bf4 Nh5 12. b4 Nxf4 13. gxf4 Nxe5 14. fxe5 f6 15. exf6 Bxf6 16. e3 Bf5 17. b5 e5 18. bxc6 bxc6 19. dxe5 Bxe5 20. Ra6 Rfc8 21. Rxc6 Rxc6 22. Bxd5+ Kg7 23. Bxc6 Rc8 24. Bg2 Rxc5 25. Kd2 a5 26. h3 Bd7 27. f4 Bc7 28. Nd5 Bd8 29. e4 a4 30. Nc3 Ba5 31. Ra1 Bb4 32. Kd3 a3 33. Nd1 Bb5+ 34. Kd4 axb2 35. Nxb2 Rc2 36. Ra7+ Kh6 37. Rb7 Rxg2 38. Rxb5 Rxb2 39. Kd5 Rd2+ 40. Ke6 Bc3 41. Rc5 Bd4 42. Rb5 Rd3 43. Rd5 Rd2 44. f5 gxf5 45. Kxf5 Kh5 46. e5 Be3 47. Rb5 Rf2+ 48. Ke4 Bg5 49. e6 Kh4 50. Rb7 h6 51. Rb3 Rh2 52. Kf5 Rxh3 53. Rb4+ Kh5 54. Re4 Rf3+ 55. Ke5 Kg6 56. Kd6 Rd3+ 57. Kc7 Rd8 58. Re2 Kg7 59. Rg2 Re8 60. Kd7 Re7+ 61. Kd6 Kf8 62. Rf2+ Ke8 63. Rf5 Rg7 64. Rb5 Be7+ 65. Kc6 Bf8 66. Re5 Ke7 67. Rf5 Rg6 68. Rf7+ Kxe6 69. Rh7 Bg7 0-1